01817cam a22003137i 450000100090000000300060000900500170001500600190003200700150005100800410006602000180010702000360012502000310016103700360019203900120022804000360024004100120027605000110028824500800029926400330037930000130041252008620042565000360128765000400132365000260136394200080138995200910139799900150148810247990CaAEU20260511114640.0m o d cr||n|||||||||230421s2023 enk o 0|0 0 eng d a9781399407762 a9781399407779q(electronic bk.) z9781399407786q(paperback) a7211494bProquest Ebook Central aexclude aCaONFJCbengerdacCaONFJCdAEU aEnglish 4aHF554910aTackle office nightmares b: how to cope with tricky situations and people. 1aLondon :bBloomsbury,c2023. a96 pages aA clear guide that offers solutions and advice on a wide range of contemporary issues, from how to defuse tense situations, to where to turn if you think you are being discriminated against, to stepping in to help others. While we'd all like a quiet life, there are some workplace situations that can't be ignored. Both virtually and in offices, bullying and discrimination remain problems for many organizations and their employees. At the same time, key customers can be ever more demanding, won't take no for an answer and aren't afraid to tell you so. Tackle Office Nightmares offers solutions and step-by-step advice to navigating these issues and maintaining a harmonious working environment. It features step-by-step guidance, top tips, common mistakes and advice on how to avoid them, summaries of key points and lists of handy books and weblinks. 0aBullying in the workplace93114 0aDiscrimination in employment925146 0aWork environment9742 2lcc 00102lcc4070aTBSbTBSd2026-03-04l0r2026-03-04t1w2026-03-04y1zSOON AVAILABLE c5380d5380